Behind the scenes : (Record no. 139234)
[ view plain ]
| 000 -LEADER | |
|---|---|
| fixed length control field | 00757nam a22002057a 4500 |
| 005 - DATE AND TIME OF LATEST TRANSACTION | |
| control field | 20170424141517.0 |
| 010 ## - LCCN (DPL NO) | |
| LC control number | ENG-117938 |
| 020 ## - INTERNATIONAL STANDARD BOOK NUMBER | |
| International Standard Book Number | 9789386062390 |
| Terms of availability | 950.000 |
| 035 ## - SYSTEM CONTROL NUMBER | |
| System control number | EN-101470 |
| 037 ## - SOURCE OF ACQUISITION | |
| Source of stock number/acquisition | DBAD/PUB |
| 082 ## - DEWEY DECIMAL CLASSIFICATION NUMBER | |
| Classification number | 791.0430954 |
| 245 ## - TITLE STATEMENT | |
| Title | Behind the scenes : |
| Statement of responsibility, etc | edited by Aysha iqbal viswamohan [and] Vimal mohan john / |
| Remainder of title | contemporary bollywood directors and their cinema |
| 260 ## - PUBLICATION, DISTRIBUTION, ETC. (IMPRINT) | |
| Place of publication, distribution, etc | New Delhi |
| Date of publication, distribution, etc | 2017 |
| Name of publisher, distributor, etc | Sage publication india |
| 270 ## - ADDRESS | |
| Address | B1/1-1 Mohan cooperative industrial area mathura road |
| City | New Delhi |
| Postal code | 110044 |
| 300 ## - PHYSICAL DESCRIPTION | |
| Extent | xiii,392p. |
| Dimensions | 23cm(Hb) |
| 500 ## - GENERAL NOTE | |
| General note | Includes bibliographical reference and index |
| 700 ## - ADDED ENTRY--PERSONAL NAME | |
| Personal name | Viswamohan, Aysha iqbal |
| 700 ## - ADDED ENTRY--PERSONAL NAME | |
| Personal name | John Vimal Mohan |
| 942 ## - ADDED ENTRY ELEMENTS (KOHA) | |
| Source of classification or shelving scheme | Dewey Decimal Classification |
| Item type | English Books |
| Classification part | 791.430954 |
| Call number suffix | BEH |
| Withdrawn status | Lost status | Not for loan | Collection code | Home library | Current library | Date acquired | Source of acquisition | Cost, normal purchase price | Full call number | Barcode | Copy number | Cost, replacement price | Koha item type |
|---|---|---|---|---|---|---|---|---|---|---|---|---|---|
| Non-fiction | Central Jail Tihar | Central Jail Tihar | 24/04/2017 | DBAD/PUB | 950.00 | 791.430954 BEH | EN-101470 | 1 | 950.00 | English Books |
